000 00576nam a2200217Ia 4500
005 20241129120110.0
008 241129s9999||||xx |||||||||||||| ||und||
020 _a9783031271953
037 _aTB
040 _aSDCL
_beng
_cSDCL
041 _aeng
_2eng
084 _aD651, R3
_qSDCL
100 _aNatale Corrado Di
_9729130
245 0 _aIntroduction to Electronic devices
260 _aSwitzerland
_bSpringer
_c2023
300 _axii,290p.
365 _aEUR
_b49.99
650 _aElectronic Science
942 _cTB
_hD651, R3
999 _c1233331
_d1233331